Elita slovenského priemyslu
Tri výrobné závody automobiliek na Slovensku patria k tomu najlepšiemu, čo ich materské koncerny v súčasnosti majú. Kvalitu slovenských závodov oceňujú ich materské koncerny aj v rámci svojich interných hodnotení, kde sa umiestňujú na vrchných priečkach. Silnú pozíciu fabrík potvrdzuje aj ich vyváže...
Uložené v:
| Hlavný autor: | |
|---|---|
| Médium: | Kapitola |
| Jazyk: | Slovak |
| Predmet: | |
| Tagy: |
Žiadne tagy, Buďte prvý, kto otaguje tento záznam!
|
MARC
| LEADER | 00000naa a2200000 4500 | ||
|---|---|---|---|
| 001 | 0200290 | ||
| 005 | 20231113103041.3 | ||
| 041 | 0 | |a slo | |
| 044 | |a SK | ||
| 245 | 1 | 0 | |a Elita slovenského priemyslu |c Lukáš Kvašňák |
| 520 | |a Tri výrobné závody automobiliek na Slovensku patria k tomu najlepšiemu, čo ich materské koncerny v súčasnosti majú. Kvalitu slovenských závodov oceňujú ich materské koncerny aj v rámci svojich interných hodnotení, kde sa umiestňujú na vrchných priečkach. Silnú pozíciu fabrík potvrdzuje aj ich vyvážený produktový mix. Výroba vozidiel na Slovensku v rokoch 2010-2014. | ||
| 610 | 2 | 0 | |a automobily osobné |
| 610 | 2 | 0 | |a priemysel automobilový |
| 610 | 2 | 0 | |a výroba |
| 610 | 2 | 0 | |a ceny |
| 610 | 2 | 0 | |a kvalita |
| 610 | 2 | 0 | |a Slovensko |
| 100 | 1 | |a Kvašňák, Lukáš | |